'Halloween-Time' Horrors Quiz Stats

 Plays Quiz Updated Oct 14, 2015

Score 0/16 Timer 06:00
1 Play Today
% Correct
Scream
98.3%
The Shining
90.5%
Saw
86.7%
The Sixth Sense
80.6%
The Silence of the Lambs
76.6%
Psycho
73.7%
Alien
72.5%
28 Days Later
68.5%
% Correct
I Am Legend
61.7%
The Birds
56.5%
A Nightmare on Elm Street
54.3%
The Woman in Black
53.9%
Paranormal Activity
42.6%
The Ring
41.7%
The Blair Witch Project
32.7%
The Exorcist
30.9%

You're not logged in!

Compare scores with friends on all Sporcle quizzes.
OR
Log In

You Might Also Like...

Show Comments

Extras

Top Quizzes Today


Score Distribution

Your Account Isn't Verified!

In order to create a playlist on Sporcle, you need to verify the email address you used during registration. Go to your Sporcle Settings to finish the process.

Report this User

Report this user for behavior that violates our Community Guidelines.

Details: